| 000 | 00525nam a2200145Ia 4500 | ||
|---|---|---|---|
| 008 | 190813s9999 xx 000 0 und d | ||
| 020 | _a9781416624264 | ||
| 100 | _aSmith, Dominique. | ||
| 245 |
_cDominique Smith, Nancy Frey, Ian Pumpian, Douglas Fisher.-- _aBuilding equity : _bpolicies and practices to empower all learners / |
||
| 260 |
_aVirginia : _bASCD _c2017 |
||
| 300 | _a215 pages. | ||
| 500 | _aIncludes bibliographic references and index. | ||
| 650 | _aEducational equalization. | ||
| 650 | _aInclusive education. | ||
| 999 |
_c362038 _d362038 |
||